000 01842cam a2200289zu 4500
001 10074540
003 FRCYB10074540
005 20251020123459.0
006 m o d
007 cr un
008 251020s2005 fr | o|||||0|0|||eng d
020 _a9781576601723
035 _aFRCYB10074540
040 _aFR-PaCSA
_ben
_c
_erda
100 1 _aTibergien, Mark C.
245 0 1 _aPractice Made Perfect
_bThe Discipline of Business Management for Financial Advisors
_c['Tibergien, Mark C.', 'Pomering, Rebecca']
264 1 _bBloomberg Press
_c2005
300 _a p.
336 _btxt
_2rdacontent
337 _bc
_2rdamdedia
338 _bc
_2rdacarrier
650 0 _a
700 0 _aTibergien, Mark C.
700 0 _aPomering, Rebecca
856 4 0 _2Cyberlibris
_uhttps://international.scholarvox.com/netsen/book/10074540
_qtext/html
_a
520 _aWhen financial advisers need guidance on running their business, they turn to Mark Tibergien, the most prominent, most respected authority and hands-on consultant on the science and practice of managing financial advisory firms. Together with Moss Adams colleague and principal Rebecca Pomering, they have combined their years of research and analysis to write the definitive book on the subject. The authors first identify how to assess the business and evaluate oneself as a manager. They then present strategic-thinking issues--such as practice models, business plans, and differentiators--in a Socratic style. This is followed by a detailed overview of critical topics, from financial management and human capital to IT and marketing--encompassing the management skills, approaches, and mindsets needed for success. With management tools, worksheets, and industry statistics, Practice Made Perfect is the authoritative book from the industry's expert.
999 _c1554384
_d1554384